| 000 -LEADER |
| fixed length control field |
00913cam a2200229Ia 4500 |
| 020 ## - INTERNATIONAL STANDARD BOOK NUMBER |
| ISBN |
9711041006 |
| 040 ## - CATALOGING SOURCE |
| Transcribing agency |
DDC |
| 082 ## - DEWEY DECIMAL CLASSIFICATION NUMBER |
| Classification number |
633 IRR 1984 A053 Or. |
| 245 10 - TITLE STATEMENT |
| Title |
Proceedings of the FAO/IRRI Workshop on Judicious and Efficient Use of Insecticides on Rice / |
| 260 ## - PUBLICATION, DISTRIBUTION, ETC. (IMPRINT) |
| Place of publication |
Laguna, Philippines : |
| Name of publisher |
IRRI, |
| Year of publication |
1984 |
| 300 ## - PHYSICAL DESCRIPTION |
| Number of Pages |
180 p. : |
| Other physical details |
ill. ; |
| Dimensions |
23 cm |
| 500 ## - GENERAL NOTE |
| General note |
Cover title: Judicious and efficient use of insecticides on rice |
| 500 ## - GENERAL NOTE |
| General note |
"The Workshop on Judicious and Efficient Use of Insecticides on Rice was held at the International Rice Research Institute (IRRI), Los Ba©łos, Laguna, Philippines, 21 to 23 February 1983"--Foreword |
| 650 #0 - SUBJECT ADDED ENTRY--TOPICAL TERM |
| Topical Term |
Rice |
| 650 #0 - SUBJECT ADDED ENTRY--TOPICAL TERM |
| Topical Term |
Rice |
| 650 #0 - SUBJECT ADDED ENTRY--TOPICAL TERM |
| Topical Term |
Insecticides |
| 650 #0 - SUBJECT ADDED ENTRY--TOPICAL TERM |
| Topical Term |
Insecticides |
| 650 #0 - SUBJECT ADDED ENTRY--TOPICAL TERM |
| Topical Term |
Insecticides |
| 710 2# - ADDED ENTRY--CORPORATE NAME |
| Corporate name or jurisdiction name as entry element |
International Rice Research Institute |
| 710 2# - ADDED ENTRY--CORPORATE NAME |
| Corporate name or jurisdiction name as entry element |
Food and Agriculture Organization of the United Nations. |
| 942 ## - ADDED ENTRY ELEMENTS (KOHA) |
| Koha item type |
សៀវភៅភាសាអង់គ្លេស |
| 952 ## - LOCATION AND ITEM INFORMATION (KOHA) |
| Withdrawn status [LOCAL, KOHA] |
0 |